logo

Bir Sreshtho Munshi Abdur Rouf Library
Jhenaidah Cadet College

"The clash of civilizations?" : (Record no. 2434)

MARC details
000 -LEADER
fixed length control field 00828cam a2200289 a 4500
001 - CONTROL NUMBER
JCCL Control Number 2434
003 - CONTROL NUMBER IDENTIFIER
JCCL marc code BD-JhCC
005 - DATE AND TIME OF LATEST TRANSACTION
control field 20171106173303.0
008 - FIXED-LENGTH DATA ELEMENTS--GENERAL INFORMATION
fixed length control field 020607s1998 bg | |||| ||eng|
020 ## - INTERNATIONAL STANDARD BOOK NUMBER
International Standard Book Number 9840513907
020 ## - INTERNATIONAL STANDARD BOOK NUMBER
International Standard Book Number 0195779339
029 ## - (OCLC)
OCLC library identifier R0138
035 ## - SYSTEM CONTROL NUMBER
system control number (BD-JhCC)2434
040 ## - CATALOGING SOURCE
Original cataloging agency BDS
Modifying agency BD-JhCC
041 ## - LANGUAGE CODE
Language code of Book eng
082 ## - DEWEY DECIMAL CLASSIFICATION NUMBER
DDC Edition number 22
Classification number 909.82
Author mark and Year CLA 2003
245 05 - TITLE STATEMENT
Title "The clash of civilizations?" :
Remainder of title Asian responses /
Statement of responsibility, etc edited by Salim Rashid.
260 ## - PUBLICATION, DISTRIBUTION, ETC. (IMPRINT)
Place of publication, distribution, etc Dhaka :
Name of publisher, distributor, etc University Press,
Date of publication, distribution, etc 1997.
300 ## - PHYSICAL DESCRIPTION
Pagination xiv,158p ;
Dimensions 22cm.
600 10 - SUBJECT ADDED ENTRY--PERSONAL NAME
Personal name Huntington, Samuel P.
Title of a work Clash of civilizations and the remaking of world order.
650 #0 - SUBJECT ADDED ENTRY--TOPICAL TERM
Topical term or geographic name as entry element World politics
Chronological subdivision 1989-
650 #0 - SUBJECT ADDED ENTRY--TOPICAL TERM
Topical term or geographic name as entry element Post-communism.
650 #0 - SUBJECT ADDED ENTRY--TOPICAL TERM
Topical term or geographic name as entry element Civilization, Modern
700 1# - ADDED ENTRY--PERSONAL NAME
Personal name Rashid, Salim,
Dates associated with a name 1949-
942 ## - ADDED ENTRY ELEMENTS (KOHA)
Source of classification or shelving scheme Dewey Decimal Classification
Koha item type Books
Holdings
Source of classification or shelving scheme Damaged status Not for loan Home library Current library Shelving location Date of accession Cost, normal purchase price Total Checkouts Full call number Barcode Date last seen Copy number Koha item type
Dewey Decimal Classification     JCC Rouf Library JCC Rouf Library General Stacks 11/02/2017 390.00   909.82 CLA 2003 3700 11/02/2017 C-1 Books
Dewey Decimal Classification     JCC Rouf Library JCC Rouf Library General Stacks 11/02/2017 390.00   909.82 CLA 2003 3699 11/02/2017 C-2 Books

JCC Library | Contacts | JCC Home

Last Update on 23 September 2017
Copyright @ 2017-2020 JCC Rouf Library
Rouf Library, Jhenidah Cadet College (JCC), Bangladesh